000 00694nam a2200229Ia 4500
003 OSt
005 20220923230205.0
006 a|||||r|||| 00| 0
007 ta
008 Pun
024 _a278,232
037 _cTextual
040 _aARTS
_cARTS
_bPun
041 _2Pun
_aPun
082 _aO153,1(Delta73):g, N5
100 _aਉਸਾਰਣ, ਦੇਵਿੰਦਰ ਸਿੰਘ
_9156370
245 0 _aਪਰਚੀਆਂ ਸੂਖ਼ੀ ਖ਼ਕੀਰਾਂ ਦੀਆਂ
260 _c1995
650 _aਪੰਜਾਬੀ ਸਾਹਿਤ
942 _hO153,1(Delta73):g, N5
_cTEXL
_2CC
999 _c383161
_d383161